000
00256nmm a2200085Ia 4500
008
220120s9999||||xx |||||||||||||||||und||
100
_a
Soman, K.P and others
245
0
_a
Insight in to wavelet from theory and practice
260
_a
Tata mcgraw hill company Ltd
999
_c
139782
_d
139782